000 00293nam a22001337a 4500
008 170418b xxu||||| |||| 00| 0 eng d
020 _a9780323049665
041 _aeng
080 _213TH
_a573
100 _a11
101 _aSHM
245 _aSTRUCTURE FUNCTION
_cTHIBODEAU
942 _2udc
_cBK
999 _c11057
_d11057